|
|
|
|
| LEADER |
01169nam a2200289 a 4500 |
| 001 |
c000192229 |
| 003 |
CARM |
| 005 |
20021125001400.0 |
| 008 |
830912r19781930gw ae b 00110 ger d |
| 019 |
1 |
|
|a 2207968
|5 LACONCORD2021
|
| 020 |
|
|
|a 3262005193
|
| 035 |
|
|
|a (OCoLC)220022876
|5 LACONCORD2021
|
| 040 |
|
|
|a NUN
|c NUN
|
| 043 |
|
|
|a e-gx---
|
| 100 |
1 |
|
|a Schweckendiek, Adolf.
|
| 245 |
1 |
0 |
|a Bühnengeschichte des Verlorenen Sohnes in Deutschland.
|n 1. Teil
|p (1527-1627) /
|c Adolf Schweckendiek.
|
| 260 |
|
|
|a Nendeln/Liechtenstein :
|b Kraus Reprint,
|c 1978.
|
| 300 |
|
|
|a xv, 163 p, :
|b ill., plans ;
|c 23 cm.
|
| 440 |
|
0 |
|a Theatergeschichtliche Forschungen ;
|v 40
|
| 500 |
|
|
|a Repr. of: Leipzig : Voss, 1930.
|
| 504 |
|
|
|a Includes bibliographical references and index.
|
| 650 |
|
0 |
|a Prodigal Son (Parable) in literature.
|
| 650 |
|
0 |
|a German drama
|y Early modern, 1500-1700
|x History and criticism.
|
| 852 |
8 |
|
|b CARM
|h A2:AK16A0
|i B06118
|p 0287379
|f BK
|
| 082 |
0 |
4 |
|a 832/.00935
|2 19
|
| 999 |
f |
f |
|i 27a6f6d7-6a03-5b2e-9c4c-6c323f0ceb4b
|s d9034187-f72d-523b-a550-977496f5a606
|
| 952 |
f |
f |
|p Can circulate
|a CAVAL
|b CAVAL
|c CAVAL
|d CARM 1 Store
|e B06118
|f A2:AK16A0
|h Other scheme
|i book
|m 0287379
|